The problem of the unity of the sciences: Bacon to Kant.

Bibliographic Details
Main Author: McRae, Robert F.
Format: Book
Language:English
Published: [Toronto] : University of Toronto Press, [1961]
Subjects:

MARC

Tag First Indicator Second Indicator Subfields
LEADER 00000cam a2200000 4500
001 in00000061077
005 20151008051057.0
008 720803s1961 eng u
010 |a  62002304  
035 |a (OCoLC)00373229 
035 |9 AAG5549AM 
040 |c WSU  |d TXA  |d UtOrBLW 
049 |a TXAM  |c [413275] 
090 |a BD241  |b .M25 
092 |a 112  |b M174p 
100 1 |a McRae, Robert F. 
245 1 4 |a The problem of the unity of the sciences: Bacon to Kant. 
264 1 |a [Toronto] :  |b University of Toronto Press,  |c [1961] 
300 |a 148 pages 
336 |a text  |b txt  |2 rdacontent 
337 |a unmediated  |b n  |2 rdamedia 
338 |a volume  |b nc  |2 rdacarrier 
650 0 |a Classification of sciences. 
650 0 |a Knowledge, Theory of. 
650 0 |a Logic. 
999 |a MARS 
999 f f |s bdcc744a-41d0-39f4-922d-3b351091c668  |i 1dff7158-a0c6-32e6-8cac-5787686ae3eb  |t 0 
952 f f |p ric  |a Texas A&M University  |b Rellis Campus  |c Joint Library Facility  |d Remote Storage  |t 0  |e BD241 .M25  |h Library of Congress classification  |i unmediated -- volume  |m A14800507059 
998 f f |a BD241 .M25  |t 0  |l Remote Storage